Statistics for Top 10 most homophobic countries

Click here to take the quiz!

General Stats

  • This quiz has been taken 687 times
  • The average score is 5 of 10

Answer Stats

RankAnswer% Correct
4Iran
88%
2Saudi Arabia
84%
9Russia
76%
1Afghanistan
63%
10India
57%
6Nigeria
55%
3Uganda
33%
5Malaysia
24%
7Jamaica
17%
8Cameroon
11%

Score Distribution

Percentile by Number Answered

Percent of People with Each Score

Your Score History

You have not taken this quiz